Letra del Himno Nacional Argentino - Estadísticas

Estadísticas generales
  • Esta prueba ha sido intentada 55 veces
  • La puntuación promedio es 76 de 93
Estadísticas de respuestas
Respuesta % Correcto
¡Al
100%
¡O
100%
¡O
100%
a
97%
¡Al
97%
de
97%
de
97%
el
95%
el
95%
las
95%
los
95%
los
95%
los
95%
los
95%
Oíd,
95%
¡Oíd
95%
sagrado:
95%
su
95%
la
92%
¡Libertad!
92%
¡Libertad!
92%
¡Libertad!
92%
¡Y
92%
¡Y
92%
cadenas:
90%
grito
90%
rotas
90%
Y
90%
con
87%
con
87%
mortales,
87%
ruido
87%
Argentino,
85%
Argentino,
85%
Argentino,
85%
Argentino
85%
del
85%
del
85%
del
85%
del
85%
Pueblo
85%
Pueblo
85%
Pueblo
85%
Pueblo
85%
libres
82%
libres
82%
libres
82%
responden:
82%
responden
82%
responden
82%
salud!
82%
salud!
82%
salud!
82%
salud!
82%
gloria
79%
gloria
79%
gloria
79%
gran
79%
gran
79%
gran
79%
gran
79%
mundo
79%
mundo
79%
mundo
79%
Provincias
79%
trono
79%
trono
79%
Unidas
77%
al
74%
al
74%
Igualdad!
74%
noble
74%
que
74%
¡Que
74%
conseguir!
72%
conseguir!
72%
juremos
72%
juremos
72%
¡Sean
72%
supimos
72%
supimos
72%
¡Ya
72%
eternos
69%
laureles
69%
morir!
69%
morir!
69%
Sud!
67%
¡Coronados
64%
abrieron
56%
en
56%
vivamos!
54%
ved
49%
dignísimo
46%
No se encontraron pruebas coincidentes
Distribución de puntuación
Porcentaje de gente con cada puntuación
Porcentaje por número respondido
Historial de tus puntuaciones
No has intentado esta prueba.